000 00450nam a2200133Ia 4500
008 220204s9999 xx 000 0 und d
082 _a343.1
_bCAR
100 _aCAREY, Mary
245 0 _aCompendium of bank on how to spot a con artist: A handbook for fraud investigators, bankers and other custodians of the public trust
260 _aIllinois
_bCharles C Thomas
_cs1976
650 _aFraud investigation
700 _aSHERMAN, George
942 _cBK
999 _c34655
_d34655